Catalog

Record Details

Catalog Search



Cane and Abe  Cover Image Book Book

Cane and Abe / James Grippando.

Summary:

"Miami prosecutor Abe Beckham has been through tough personal times with the death of his beloved wife Samantha. Now remarried to the supportive Angelina, he throws himself into his work. When a woman's body is discovered dumped in the Everglades, Abe is called upon to monitor the investigation. The FBI is tracking a killer in South Florida they call 'Cutter' because his brutal methods hark back to Florida's dark past, when machete-wielding men cut sugarcane by hand in the blazing sun. Then Angelina goes missing, and suspicion surrounds Abe. His closest friends, family, professional colleagues, and the media no longer trust his motives. Was his marriage now what he'd hoped for because he loved Samantha too much? Or was there another woman ... and a husband with a dark side who wanted his new wife gone?"--Page 4 of cover.

Record details

  • ISBN: 9780062295415
  • ISBN: 0062295411
  • Physical Description: 448 pages ; 19 cm
  • Publisher: New York, New York : Harper, 2015., ©2014

Content descriptions

General Note:
Includes an excerpt from Cash landing.
Subject: Public prosecutors > Fiction.
Missing persons > Fiction.
Miami (Fla.) > Fiction.
Genre: Suspense fiction.
Legal fiction (Literature)
Detective and mystery fiction.
Thrillers (Fiction)

LDR 02039nam a2200361Mi 4500
001149961
003CONS
00520190201124425.0
008150928t20152014nyu 000 1 eng d
020 . ‡a9780062295415 ‡q(paperback)
020 . ‡a0062295411 ‡q(paperback)
035 . ‡a(CPomAG)LMN610549
043 . ‡an-us-fl
05014. ‡aPS3557.R534 ‡bC36 2015c
08204. ‡a813.6 ‡223
1001 . ‡aGrippando, James, ‡d1958- ‡eauthor.
24510. ‡aCane and Abe / ‡cJames Grippando.
264 1. ‡aNew York, New York : ‡bHarper, ‡c2015., ©2014
300 . ‡a448 pages ; ‡c19 cm
336 . ‡atext ‡btxt ‡2rdacontent
337 . ‡aunmediated ‡bn ‡2rdamedia
338 . ‡avolume ‡bnc ‡2rdacarrier
500 . ‡aIncludes an excerpt from Cash landing.
520 . ‡a"Miami prosecutor Abe Beckham has been through tough personal times with the death of his beloved wife Samantha. Now remarried to the supportive Angelina, he throws himself into his work. When a woman's body is discovered dumped in the Everglades, Abe is called upon to monitor the investigation. The FBI is tracking a killer in South Florida they call 'Cutter' because his brutal methods hark back to Florida's dark past, when machete-wielding men cut sugarcane by hand in the blazing sun. Then Angelina goes missing, and suspicion surrounds Abe. His closest friends, family, professional colleagues, and the media no longer trust his motives. Was his marriage now what he'd hoped for because he loved Samantha too much? Or was there another woman ... and a husband with a dark side who wanted his new wife gone?"--Page 4 of cover.
650 0. ‡aPublic prosecutors ‡vFiction.
650 0. ‡aMissing persons ‡vFiction.
651 0. ‡aMiami (Fla.) ‡vFiction.
655 7. ‡aSuspense fiction. ‡2gsafd
655 7. ‡aLegal fiction (Literature) ‡2lcgft
655 7. ‡aDetective and mystery fiction. ‡2lcgft
655 7. ‡aThrillers (Fiction) ‡2lcgft
959 . ‡i32269001099822 ‡lF Gri ‡aAdult - Fiction ‡tPaperback ‡g10.00
852 . ‡p32269001099822 ‡jF Gri ‡gAdult - Fiction ‡cPaperback ‡y10.00 ‡bSBPL
901 . ‡a149961 ‡bUnknown ‡c149961 ‡tbiblio

Additional Resources